State Capitals Containing the Letter P - Statistics

General Stats
  • This quiz has been taken 107 times
  • The average score is 9 of 10
Answer Stats
Answer % Correct
Pierre
94%
Annapolis
92%
Montpelier
92%
Phoenix
92%
Providence
90%
Saint Paul
90%
Springfield
90%
Topeka
90%
Olympia
88%
Indianapolis
85%
No matching quizzes found
Score Distribution
Percent of People with Each Score
Percentile by Number Answered
Your Score History
You have not taken this quiz